<?xml version="1.0" encoding="UTF-8"?>
<record
    xmlns:xsi="http://www.w3.org/2001/XMLSchema-instance"
    xsi:schemaLocation="http://www.loc.gov/MARC21/slim http://www.loc.gov/standards/marcxml/schema/MARC21slim.xsd"
    xmlns="http://www.loc.gov/MARC21/slim">

  <leader>00545nam a2200169Ia 4500</leader>
  <controlfield tag="003">LK-CoDNM</controlfield>
  <controlfield tag="008">140723t2018    xxu||||| |||| 00| 1 sin d</controlfield>
  <datafield tag="020" ind1=" " ind2=" ">
    <subfield code="a"></subfield>
    <subfield code="a">9789555323734</subfield>
  </datafield>
  <datafield tag="040" ind1=" " ind2=" ">
    <subfield code="a">LK-CoDNM</subfield>
    <subfield code="d">LK-CoDNM</subfield>
    <subfield code="e">LK-CoDNM</subfield>
  </datafield>
  <datafield tag="041" ind1=" " ind2=" ">
    <subfield code="a">sin</subfield>
  </datafield>
  <datafield tag="080" ind1=" " ind2=" ">
    <subfield code="a">82-1</subfield>
    <subfield code="b">BAN</subfield>
  </datafield>
  <datafield tag="100" ind1=" " ind2=" ">
    <subfield code="a">&#xDB6;&#xD82;&#xDA9;&#xDCF;&#xDBB;, &#xD8A;.&#xD9A;&#xDDA; &#xDC4;&#xDDA;&#xDB8;&#xDAD;&#xDD2;&#xDBD;&#xD9A;</subfield>
    <subfield code="v">Bandara,E.K Hemathilaka</subfield>
  </datafield>
  <datafield tag="245" ind1=" " ind2=" ">
    <subfield code="a">&#xDC3;&#xDC5;&#xDB9; &#xD85;&#xDBD;&#xD82;&#xD9A;&#xDCF;&#xDBB;&#xDBA; &#xD9A;&#xDCF;&#xDC0;&#xDCA;&#x200D;&#xDBA;&#xDB8;&#xDBA;</subfield>
  </datafield>
  <datafield tag="246" ind1=" " ind2=" ">
    <subfield code="a">Salaba Alankaraya Kawwiyamaya Wiwaranaya</subfield>
  </datafield>
  <datafield tag="260" ind1=" " ind2=" ">
    <subfield code="b">Nishantha Publisher</subfield>
    <subfield code="a">Ganemulla</subfield>
    <subfield code="c">2018</subfield>
  </datafield>
  <datafield tag="942" ind1=" " ind2=" ">
    <subfield code="c">BK</subfield>
  </datafield>
  <datafield tag="952" ind1=" " ind2=" ">
    <subfield code="0">0</subfield>
    <subfield code="1">0</subfield>
    <subfield code="4">0</subfield>
    <subfield code="7">0</subfield>
    <subfield code="8">MONO</subfield>
    <subfield code="a">MAIN</subfield>
    <subfield code="b">MAIN</subfield>
    <subfield code="d">2023-07-16</subfield>
    <subfield code="g">600.00</subfield>
    <subfield code="l">0</subfield>
    <subfield code="o">82-1 BAN</subfield>
    <subfield code="p">170075</subfield>
    <subfield code="r">2023-07-16</subfield>
    <subfield code="w">2023-07-16</subfield>
    <subfield code="y">BK</subfield>
  </datafield>
  <datafield tag="999" ind1=" " ind2=" ">
    <subfield code="c">80364</subfield>
    <subfield code="d">80364</subfield>
  </datafield>
</record>
